Manažment a jeho aplikácie vo vybranom podniku cestovného ruchu bakalárska práca
Na minha lista:
| Autor principal: | |
|---|---|
| Autor Corporativo: | |
| Outros Autores: | |
| Formato: | Livro |
| Idioma: | eslovaco |
| Publicado em: |
Bratislava
2010
|
| Tags: |
Sem tags, seja o primeiro a adicionar uma tag!
|
MARC
| LEADER | 00000nam$a2200000$$$4500 | ||
|---|---|---|---|
| 001 | 0134464 | ||
| 005 | 20240320074223.0 | ||
| 041 | 0 | |a slo | |
| 044 | |a SK | ||
| 245 | 1 | 0 | |a Manažment a jeho aplikácie vo vybranom podniku cestovného ruchu |b bakalárska práca |c Petra Tichá ; školiteľ: Peter Trefil |
| 264 | 1 | |a Bratislava |c 2010 | |
| 300 | |a 52 s. | ||
| 100 | 1 | |a Tichá, Petra | |
| 700 | 1 | |a Trefil, Peter | |
| 710 | 2 | |a Obchodná fakulta EU. Katedra služieb a cestovného ruchu - zrušené | |